<?xml version="1.0" encoding="UTF-8"?>
<record
    xmlns:xsi="http://www.w3.org/2001/XMLSchema-instance"
    xsi:schemaLocation="http://www.loc.gov/MARC21/slim http://www.loc.gov/standards/marcxml/schema/MARC21slim.xsd"
    xmlns="http://www.loc.gov/MARC21/slim">

  <leader>01810cam a2200289 a 4500</leader>
  <controlfield tag="003">OSt</controlfield>
  <controlfield tag="005">20210316093110.0</controlfield>
  <controlfield tag="008">090706s2008    ck abdo r     000 0 spa d</controlfield>
  <datafield tag="020" ind1=" " ind2=" ">
    <subfield code="a">9789588323213</subfield>
  </datafield>
  <datafield tag="040" ind1=" " ind2=" ">
    <subfield code="a">CO-BoPUJ</subfield>
    <subfield code="c">CO-JMCR</subfield>
  </datafield>
  <datafield tag="041" ind1="0" ind2=" ">
    <subfield code="a">spa</subfield>
  </datafield>
  <datafield tag="043" ind1=" " ind2=" ">
    <subfield code="a">s-ck---</subfield>
  </datafield>
  <datafield tag="082" ind1="0" ind2="4">
    <subfield code="a">R / 614.09861 / </subfield>
    <subfield code="b">C718a</subfield>
    <subfield code="2">23</subfield>
  </datafield>
  <datafield tag="110" ind1="1" ind2=" ">
    <subfield code="a">Colombia.</subfield>
    <subfield code="b">Ministerio de la Protecci&#xF3;n Social</subfield>
    <subfield code="9">36127</subfield>
  </datafield>
  <datafield tag="245" ind1="1" ind2="0">
    <subfield code="a">Atlas de la salud / </subfield>
    <subfield code="c">Ministerio de la Protecci&#xF3;n Social ; Instituto Geogr&#xE1;fico Agust&#xED;n Codazzi ; coordinaci&#xF3;n t&#xE9;cnica Liliam Patricia C&#xE1;rdenas D&#xED;az</subfield>
  </datafield>
  <datafield tag="260" ind1=" " ind2=" ">
    <subfield code="a">Bogot&#xE1; : </subfield>
    <subfield code="b">Ministerio de la Protecci&#xF3;n Social : </subfield>
    <subfield code="b">Instituto Geogr&#xE1;fico Agust&#xED;n Codazzi</subfield>
    <subfield code="c">2008.</subfield>
  </datafield>
  <datafield tag="300" ind1=" " ind2=" ">
    <subfield code="a">271 p&#xE1;ginas : </subfield>
    <subfield code="b">ilustraciones, fotos, gr&#xE1;ficas y mapas (algunos a color) ; </subfield>
    <subfield code="c">35 cm.</subfield>
  </datafield>
  <datafield tag="504" ind1=" " ind2=" ">
    <subfield code="a">Bibliografia : p&#xE1;ginas : 269-270 y glosario.</subfield>
  </datafield>
  <datafield tag="505" ind1="0" ind2=" ">
    <subfield code="a">Geograf&#xED;a y salud en Colombia. -- Aspectos biof&#xED;sicos. -- Caracter&#xED;sticas sociodemogr&#xE1;ficas. -- Caracter&#xED;sticas socioecon&#xF3;micas. -- Prestaci&#xF3;n del servicio de salud. -- Salud sexual y reproductiva. -- Enfermedades inmunoprevenibles. -- Enfermedades transmitidas por vectores. -- Lesiones por causa externa. -- Mortalidad. -- Lista 6/67 para tabulaci&#xF3;n de grupos de causas de mortalidad.</subfield>
  </datafield>
  <datafield tag="520" ind1="0" ind2=" ">
    <subfield code="a">El atlas de la salud, es un documento tem&#xE1;tico de consulta, para toda clase de publico interesado en conocer, desde la perspectiva geogr&#xE1;fica, las relaciones causa-enfermedad contextualizadas territorialmente en Colombia.</subfield>
  </datafield>
  <datafield tag="650" ind1="1" ind2="4">
    <subfield code="a">Salud p&#xFA;blica</subfield>
    <subfield code="z">Colombia</subfield>
    <subfield code="v">Atlas</subfield>
    <subfield code="9">36128</subfield>
  </datafield>
  <datafield tag="650" ind1="2" ind2="4">
    <subfield code="a">Seguridad social</subfield>
    <subfield code="z">Colombia</subfield>
    <subfield code="v">Atlas</subfield>
    <subfield code="9">36129</subfield>
  </datafield>
  <datafield tag="650" ind1="2" ind2="4">
    <subfield code="a">Salud</subfield>
    <subfield code="x">Prevenci&#xF3;n y control</subfield>
    <subfield code="z">Colombia</subfield>
    <subfield code="v">Atlas</subfield>
    <subfield code="9">36130</subfield>
  </datafield>
  <datafield tag="650" ind1="2" ind2="4">
    <subfield code="a">Servicios de salud</subfield>
    <subfield code="z">Colombia</subfield>
    <subfield code="v">Atlas</subfield>
    <subfield code="9">36131</subfield>
  </datafield>
  <datafield tag="700" ind1="1" ind2=" ">
    <subfield code="a">C&#xE1;rdenas D&#xED;az, Liliam Patricia</subfield>
    <subfield code="e">coordinador </subfield>
    <subfield code="9">36132</subfield>
  </datafield>
  <datafield tag="942" ind1=" " ind2=" ">
    <subfield code="2">ddc</subfield>
    <subfield code="c">BK</subfield>
  </datafield>
  <datafield tag="999" ind1=" " ind2=" ">
    <subfield code="c">15387</subfield>
    <subfield code="d">15387</subfield>
  </datafield>
  <datafield tag="952" ind1=" " ind2=" ">
    <subfield code="0">0</subfield>
    <subfield code="1">0</subfield>
    <subfield code="2">ddc</subfield>
    <subfield code="4">0</subfield>
    <subfield code="7">0</subfield>
    <subfield code="a">CPL</subfield>
    <subfield code="b">CPL</subfield>
    <subfield code="c">GEN</subfield>
    <subfield code="d">0000-00-00</subfield>
    <subfield code="e">Donaci&#xF3;n</subfield>
    <subfield code="l">0</subfield>
    <subfield code="o">R / 614.09861 /  C718a</subfield>
    <subfield code="p">201810867</subfield>
    <subfield code="r">2021-03-16 00:00:00</subfield>
    <subfield code="t">Ej.1</subfield>
    <subfield code="w">0000-00-00</subfield>
    <subfield code="y">BK</subfield>
  </datafield>
</record>
